[Event "21st Dubai Open 2019"]
[Site "Dubai UAE"]
[Date "2019.04.03"]
[Round "3.7"]
[White "Abdusattorov, Nodirbek"]
[Black "Divya, Deshmukh"]
[Result "1-0"]
[WhiteTitle "GM"]
[BlackTitle "WIM"]
[WhiteElo "2560"]
[BlackElo "2266"]
[WhiteFideId "14204118"]
[BlackFideId "35006916"]
[EventDate "2019.04.01"]

1. c4 b6 2. Nc3 Bb7 3. e4 e5 4. Nf3 Nc6 5. g3 g6 6. Bg2 Bg7 7. d3 Nge7 8. h4 h6
9. Nd5 Nxd5 10. cxd5 Nd4 11. Nxd4 exd4 12. O-O O-O 13. h5 c6 14. Qg4 Kh7 15. d6
Qe8 16. f4 f5 17. hxg6+ Qxg6 18. Qxg6+ Kxg6 19. e5 Ba6 20. a4 h5 21. b4 Rac8 22.
Ra3 Rh8 23. Bf3 Rb8 24. Bb2 c5 25. Rc1 Bh6 26. Kf2 h4 27. Rg1 Kf7 28. Bd5+ Kf8
29. Kf3 Bb7 30. Bxb7 Rxb7 31. Rb3 hxg3 32. bxc5 Kf7 33. Bxd4 Ke6 34. Rxg3 Bxf4
35. Rg7 Bh6 36. Re7+ Kd5 37. e6 Kxd4 38. c6 Rbb8 39. exd7 Rbg8 40. c7 Bd2 41.
Rb4+ Bxb4 42. Rh7 Rxh7 43. d8=Q Rg6 44. c8=Q Rh3+ 45. Kf4 Bxd6+ 46. Qxd6+ 1-0

[Event "21st Dubai Open 2019"]
[Site "Dubai UAE"]
[Date "2019.04.03"]
[Round "3.8"]
[White "Darini, Pouria"]
[Black "Pichot, Alan"]
[Result "0-1"]
[WhiteTitle "GM"]
[BlackTitle "GM"]
[WhiteElo "2474"]
[BlackElo "2584"]
[WhiteFideId "12502200"]
[BlackFideId "110973"]
[EventDate "2019.04.01"]

1. e4 c5 2. Nf3 Nc6 3. Bb5 g6 4. O-O Bg7 5. Nc3 e5 6. a3 Nge7 7. b4 d6 8. bxc5
dxc5 9. d3 O-O 10. Bc4 Nd4 11. Be3 Bg4 12. Bxd4 cxd4 13. Nd5 Rc8 14. Rb1 b6 15.
Nxe7+ Qxe7 16. h3 Bd7 17. Qd2 Rc5 18. Qb4 Qf6 19. Nd2 Bh6 20. Nb3 Rc7 21. Nc1
Be6 22. Bxe6 fxe6 23. Qb3 Be3 24. Ne2 Bxf2+ 25. Kh1 Rcf7 26. Ng1 g5 27. Rbd1 h5
28. c3 g4 29. cxd4 exd4 30. Rxf2 Qxf2 31. Qxe6 Qg3 32. Rf1 Kg7 33. Rf5 gxh3 34.
Nxh3 Qe1+ 0-1

[Event "21st Dubai Open 2019"]
[Site "Dubai UAE"]
[Date "2019.04.03"]
[Round "3.9"]
[White "Santos Ruiz, Miguel"]
[Black "Laxman, R.R."]
[Result "1-0"]
[WhiteTitle "GM"]
[BlackTitle "GM"]
[WhiteElo "2560"]
[BlackElo "2425"]
[WhiteFideId "22291482"]
[BlackFideId "5005361"]
[EventDate "2019.04.01"]

1. c4 e5 2. g3 Nc6 3. Bg2 d6 4. Nc3 Be6 5. Nf3 Qd7 6. d4 Bxc4 7. O-O Nf6 8. Bg5
Be7 9. dxe5 dxe5 10. Qa4 Ba6 11. Rfd1 Qg4 12. Qxg4 Nxg4 13. Bxe7 Nxe7 14. h3 Nh6
15. Nxe5 Rd8 16. b4 f6 17. b5 fxe5 18. bxa6 bxa6 19. Rxd8+ Kxd8 20. Rb1 Kd7 21.
Na4 Nhf5 22. Nc5+ Kd6 23. Nxa6 Nd4 24. e3 Ne2+ 25. Kf1 Nc3 26. Rc1 Ncd5 27. Rd1
Ke6 28. Nc5+ Kd6 29. Ne4+ Ke6 30. Nc5+ Kd6 31. Ne4+ Ke6 32. Ng5+ Kf6 33. Bxd5
Kxg5 34. Be4 Kf6 35. Rd7 Rb8 36. Rxc7 Rb4 37. Bc2 a5 38. Ra7 Rc4 39. Bb3 Rc1+
40. Ke2 Nc6 41. Ra6 Kf5 42. Bd5 Nb4 43. e4+ Kg5 44. h4+ Kh5 45. Bf7+ Kg4 46.
Be6+ Kh5 47. Rxa5 Nc6 48. Kd2 Rf1 49. Rc5 Nd4 50. Rxe5+ Kg6 51. Bc4 Rb1 52. Kc3
Nf3 53. Re6+ Kh5 54. Be2 g5 55. Bxf3+ g4 56. Re5+ Kh6 57. Bxg4 1-0

[Event "21st Dubai Open 2019"]
[Site "Dubai UAE"]
[Date "2019.04.03"]
[Round "3.10"]
[White "Tokhirjonova, Gulrukhbegim"]
[Black "Bellahcene, Bilel"]
[Result "1/2-1/2"]
[WhiteTitle "WGM"]
[BlackTitle "GM"]
[WhiteElo "2434"]
[BlackElo "2560"]
[WhiteFideId "14203626"]
[BlackFideId "696358"]
[EventDate "2019.04.01"]

1. e4 c5 2. Nf3 d6 3. Bb5+ Nd7 4. Ba4 Nf6 5. O-O g6 6. Re1 Bg7 7. c3 O-O 8. d4
e5 9. dxe5 dxe5 10. Nbd2 Qc7 11. Nc4 Rd8 12. Qe2 Nb6 13. Nxb6 axb6 14. Bb3 h6
15. Nd2 Bd7 16. Nf1 b5 17. Bc2 c4 18. b3 Be6 19. b4 Ra6 20. a4 bxa4 21. Rxa4
Rxa4 22. Bxa4 Ra8 23. Qd1 b5 24. Bc2 Qc6 25. f3 Nd7 26. Be3 h5 27. Nd2 Bf6 28.
Qe2 Bd8 29. f4 exf4 30. Bxf4 Ra3 31. e5 Bg4 32. Be4 Qb6+ 33. Qf2 Rxc3 34. Qxb6
Bxb6+ 35. Kf1 Bf5 36. Bxf5 gxf5 37. e6 fxe6 38. Rxe6 Rd3 39. Ke2 Rd5 40. Nb1 Bd4
41. Rd6 Rxd6 42. Bxd6 Bb2 43. Kd1 Nb6 44. Kc2 Na4 45. Bf4 Kf7 46. Bc1 Be5 47.
Na3 Bxh2 48. Nxb5 h4 49. Na3 Nb6 50. Be3 Nd5 51. Bg5 Bg3 52. Nxc4 Nxb4+ 53. Kc3
Nc6 54. Kd3 Kg6 55. Bd2 Nd8 56. Ke2 Ne6 57. Bc3 Nf4+ 58. Kf3 Nd3 59. Ke2 Nf4+
60. Kf3 Ne6 61. Ke2 Kg5 62. Kf3 f4 63. Nd6 Bh2 64. Ne4+ Kf5 65. Nd6+ Kg6 66. Kg4
f3 1/2-1/2

[Event "21st Dubai Open 2019"]
[Site "Dubai UAE"]
[Date "2019.04.03"]
[Round "3.11"]
[White "Yeoh, Li Tian"]
[Black "Mendonca, Leon Luke"]
[Result "1-0"]
[WhiteTitle "IM"]
[BlackTitle "CM"]
[WhiteElo "2522"]
[BlackElo "2446"]
[WhiteFideId "5702895"]
[BlackFideId "35028561"]
[EventDate "2019.04.01"]

1. g3 g6 2. Bg2 Bg7 3. c4 e5 4. Nc3 d6 5. Nf3 Nf6 6. d4 exd4 7. Nxd4 O-O 8. O-O
a5 9. h3 Na6 10. e4 Nc5 11. Be3 Re8 12. Qc2 c6 13. Rfe1 Qc7 14. Rad1 Be6 15. b3
Rad8 16. Qc1 Bc8 17. Bg5 Re5 18. Bf4 Ree8 19. Qa3 Qb6 20. Bg5 h6 21. Be3 Qb4 22.
Qc1 Nfxe4 23. Nxe4 Nxe4 24. Nc2 Qc3 25. Bb6 Ng5 26. Bxd8 Rxd8 27. Re3 Qf6 28.
Kh2 Qf5 29. Nd4 Bxd4 30. Rxd4 Qxf2 31. Rf4 Qxa2 32. Kg1 Bf5 33. g4 Qb1 34. Qxb1
Bxb1 35. Rf1 Bc2 36. Rc1 1-0

[Event "21st Dubai Open 2019"]
[Site "Dubai UAE"]
[Date "2019.04.03"]
[Round "3.12"]
[White "Assaubayeva, Bibisara"]
[Black "Chanda, Sandipan"]
[Result "1/2-1/2"]
[WhiteTitle "FM"]
[BlackTitle "GM"]
[WhiteElo "2376"]
[BlackElo "2534"]
[WhiteFideId "13708694"]
[BlackFideId "5004225"]
[EventDate "2019.04.01"]

1. Nf3 f5 2. d3 Nc6 3. d4 e6 4. g3 Nf6 5. Bg2 d6 6. c4 e5 7. d5 Nb8 8. Nc3 Be7
9. O-O O-O 10. Rb1 Qe8 11. c5 Na6 12. cxd6 cxd6 13. b4 f4 14. gxf4 exf4 15. Nd4
Ng4 16. Ne6 Bxe6 17. dxe6 Nc7 18. Nd5 Nxd5 19. Qxd5 Ne5 20. Bb2 f3 21. exf3 Ng6
22. Bc1 Nh4 23. f4 Qg6 24. Rb3 Nxg2 25. Rg3 Nxf4 26. Bxf4 Qf5 27. Qxf5 Rxf5 28.
Bh6 Bf6 29. Rc1 Kh8 30. Be3 Re5 31. Bd4 Rxe6 32. Bxf6 gxf6 1/2-1/2

[Event "21st Dubai Open 2019"]
[Site "Dubai UAE"]
[Date "2019.04.03"]
[Round "3.13"]
[White "Kuybokarov, Temur"]
[Black "Bharath, Subramaniyam H"]
[Result "1-0"]
[WhiteTitle "GM"]
[BlackTitle "CM"]
[WhiteElo "2519"]
[BlackElo "2301"]
[WhiteFideId "14203049"]
[BlackFideId "46634827"]
[EventDate "2019.04.01"]

1. d4 Nf6 2. c4 e6 3. Nf3 b6 4. g3 Bb4+ 5. Bd2 Be7 6. Nc3 Bb7 7. Bg2 c6 8. e4 d5
9. exd5 cxd5 10. Ne5 O-O 11. O-O Nc6 12. cxd5 Nxe5 13. d6 Nc6 14. dxe7 Qxe7 15.
Bg5 h6 16. d5 Na5 17. Bxf6 Qxf6 18. dxe6 Qxe6 19. Re1 Qf6 20. Nd5 Bxd5 21. Bxd5
Rad8 22. Qf3 Qxb2 23. Rad1 Rd7 24. Qf5 Rc7 25. Be4 g6 26. Qf4 Re7 27. Bd5 Rxe1+
28. Rxe1 Qb5 29. Qd6 Kg7 30. Re7 Nc4 31. Qe6 Qb1+ 32. Kg2 Ne3+ 33. fxe3 Qc2+ 34.
Kh3 Qf2 35. Qe5+ Kh7 36. Qf4 Qxf4 37. gxf4 1-0

[Event "21st Dubai Open 2019"]
[Site "Dubai UAE"]
[Date "2019.04.03"]
[Round "3.14"]
[White "Raghunandan, Kaumandur Srihari"]
[Black "Sanal, Vahap"]
[Result "1-0"]
[WhiteTitle "IM"]
[BlackTitle "GM"]
[WhiteElo "2352"]
[BlackElo "2511"]
[WhiteFideId "25004964"]
[BlackFideId "6300545"]
[EventDate "2019.04.01"]

1. e4 e5 2. Nf3 Nc6 3. Bc4 Bc5 4. O-O Nf6 5. d3 O-O 6. c3 d5 7. exd5 Nxd5 8. Re1
Bg4 9. Nbd2 Nb6 10. h3 Bh5 11. Bb3 Qxd3 12. Nxe5 Qf5 13. Nef3 Rfe8 14. g4 Bxg4
15. hxg4 Qxg4+ 16. Kh1 Qh3+ 17. Nh2 Ne5 18. Qe2 Ng4 19. Qxe8+ Rxe8 20. Rxe8+ Bf8
21. Nf3 Nxf2+ 22. Kg1 Qg3+ 23. Kf1 Ng4 24. Nxg4 Qxf3+ 25. Nf2 Nd5 26. Bg5 Qf5
27. Rd1 Nf6 28. Bxf6 Qb5+ 29. Re2 gxf6 30. Rd5 Qc6 31. Ne4 Be7 32. Ng3 Kf8 33.
Nf5 Bd6 34. Ke1 a6 35. Kd1 b5 36. a3 Qb6 37. Nxd6 cxd6 38. Red2 Qg1+ 39. Kc2 h5
40. Rxd6 Qg6+ 41. Kc1 h4 42. Rd7 h3 43. Rxf7+ Ke8 44. Rfd7 Qg1+ 45. Kc2 Qg6+ 46.
R7d3 Qe4 47. Rh2 a5 48. Rxh3 Qg2+ 49. Kb1 1-0

[Event "21st Dubai Open 2019"]
[Site "Dubai UAE"]
[Date "2019.04.03"]
[Round "3.16"]
[White "Haug, Johannes"]
[Black "Mareco, Sandro"]
[Result "0-1"]
[WhiteTitle "IM"]
[BlackTitle "GM"]
[WhiteElo "2406"]
[BlackElo "2666"]
[WhiteFideId "1509268"]
[BlackFideId "112275"]
[EventDate "2019.04.01"]

1. d4 Nf6 2. c4 e6 3. Nf3 d5 4. e3 b6 5. Nbd2 Bd6 6. b3 O-O 7. Bd3 c5 8. e4 Be7
9. dxc5 Na6 10. exd5 Nxc5 11. Be2 exd5 12. Bb2 Ne6 13. O-O Nf4 14. Ne5 Bb7 15.
Bf3 Re8 16. cxd5 N6xd5 17. Ne4 Rc8 18. g3 Nh3+ 19. Kg2 f5 20. Kxh3 fxe4 21. Bxe4
Nf4+ 22. gxf4 Bxe4 23. Qg4 Bf8 24. f3 Qd2 25. fxe4 Qxb2 26. Rad1 Qxa2 27. Rd3
Rc2 28. Qg3 Re6 29. Ng4 Rg6 30. Rf2 h5 31. Nf6+ Rxf6 32. Rxc2 Qxc2 33. e5 Rxf4
34. Rd8 Qf5+ 0-1

[Event "21st Dubai Open 2019"]
[Site "Dubai UAE"]
[Date "2019.04.03"]
[Round "3.17"]
[White "Dimakiling, Oliver"]
[Black "Tabatabaei, M.amin"]
[Result "1/2-1/2"]
[WhiteTitle "IM"]
[BlackTitle "GM"]
[WhiteElo "2423"]
[BlackElo "2600"]
[WhiteFideId "5202248"]
[BlackFideId "12521213"]
[EventDate "2019.04.01"]

1. Nf3 g6 2. g3 Bg7 3. d4 d6 4. Bg2 Nf6 5. O-O O-O 6. Re1 Nbd7 7. e4 e5 8. Nc3
b6 9. a4 a5 10. dxe5 dxe5 11. b3 Bb7 12. Ba3 Re8 13. Bf1 Bf8 14. Bxf8 Rxf8 15.
Bc4 Qe7 16. Qd2 Kg7 17. Nh4 h6 18. Ng2 Rad8 19. f3 Nc5 20. Qf2 Ne6 21. Bxe6 Qxe6
22. Rad1 Nh7 23. Qe2 Rxd1 24. Rxd1 f5 25. h4 Nf6 26. exf5 Qxf5 27. Rd3 Rf7 28.
g4 Qe6 29. Re3 Qc6 30. Qb5 e4 31. Nxe4 Qxb5 32. axb5 Bxe4 33. fxe4 Nxg4 34. Rg3
Ne5 35. h5 Rf3 36. Kh2 Rxg3 37. Kxg3 c6 38. bxc6 Nxc6 39. hxg6 b5 40. Ne3 Kxg6
41. c4 b4 42. c5 Ne5 43. Nf5 a4 44. bxa4 b3 45. Ne7+ Kg5 46. Nd5 b2 47. Nc3 Nc6
48. Nb1 Kf6 49. Kf4 Ke6 50. Ke3 Ke5 51. Nd2 Na5 52. Kd3 h5 53. Kc2 Kf4 54. e5
Kxe5 55. Kxb2 Kf4 56. Kc3 h4 57. Nf1 Kf3 58. Kd4 Kf2 59. Nh2 h3 60. Kd5 1/2-1/2

[Event "21st Dubai Open 2019"]
[Site "Dubai UAE"]
[Date "2019.04.03"]
[Round "3.18"]
[White "Mchedlishvili, Mikheil"]
[Black "Tissir, Mohamed"]
[Result "1/2-1/2"]
[WhiteTitle "GM"]
[BlackTitle "IM"]
[WhiteElo "2610"]
[BlackElo "2386"]
[WhiteFideId "13600966"]
[BlackFideId "9000240"]
[EventDate "2019.04.01"]

1. c4 Nf6 2. Nc3 g6 3. g3 Bg7 4. Bg2 O-O 5. d4 d6 6. Nf3 Nbd7 7. O-O e5 8. e4 c6
9. h3 Re8 10. Be3 a5 11. Qc2 a4 12. Rab1 h6 13. Rfd1 Qe7 14. Re1 a3 15. b4 exd4
16. Nxd4 Ne5 17. Nce2 Ned7 18. Nc3 Ne5 19. Qe2 Be6 20. Nxe6 Qxe6 21. Bf1 Ned7
22. Bd4 Kh7 23. f4 Nh5 24. Bxg7 Kxg7 25. Qf3 Qf6 26. Re3 Re6 27. Ne2 Kh7 28.
Rbb3 Nb6 29. Rbc3 Ng7 30. c5 dxc5 31. bxc5 Nd7 32. e5 Qd8 33. Nd4 Re7 34. Qd1
Qc7 35. Qc2 Rd8 36. Rc4 Nxc5 37. Rxa3 Nce6 38. Nf3 Red7 39. g4 Nd4 40. Nxd4 Rxd4 1/2-1/2

[Event "21st Dubai Open 2019"]
[Site "Dubai UAE"]
[Date "2019.04.03"]
[Round "3.19"]
[White "Sidhant, Mohapatra"]
[Black "Aravindh, Chithambaram VR."]
[Result "1/2-1/2"]
[WhiteTitle "IM"]
[BlackTitle "GM"]
[WhiteElo "2348"]
[BlackElo "2599"]
[WhiteFideId "5028698"]
[BlackFideId "5072786"]
[EventDate "2019.04.01"]

1. Nf3 Nf6 2. d4 g6 3. Bg5 Bg7 4. Nbd2 d5 5. e3 O-O 6. Bd3 c5 7. c3 Nc6 8. O-O
Qb6 9. Qb3 c4 10. Qxb6 axb6 11. Bc2 Bf5 12. Bxf5 gxf5 13. Nh4 Ne4 14. Nxe4 fxe4
15. Nf5 e6 16. Nxg7 Kxg7 17. f3 f6 18. Bh4 Ne7 19. Bg3 Rf7 20. a3 Ng6 21. Kf2 h5
22. Ke2 Ra5 23. Rad1 Rd7 24. Rd2 Ne7 25. fxe4 dxe4 26. Rf4 f5 27. Rf1 Ng6 28.
Bf4 Ra8 29. Ke1 Kf6 30. g3 Rg8 31. Rdf2 Kf7 32. Bg5 Rd5 33. Bf4 Ke7 34. Kd2 Kd7
35. Kc1 Ra5 36. Bh6 Ne7 37. Bf4 Nd5 38. Kc2 Rb5 39. Re2 Ra8 40. Bh6 Rb3 41. Ra1
Kc6 42. Bg5 Rb5 43. Ree1 Rba5 44. Kd2 Rg8 45. Bh4 Raa8 46. Reb1 Ra4 47. Rg1 Rg4
48. Rge1 Ra8 49. Re2 Rg6 50. Rf1 Rf8 51. Kc2 Kd7 52. Kd2 Rgg8 53. Kc2 Ra8 54.
Kd2 Ke8 55. Ra1 Kf7 56. Rf1 Ra5 57. Ra1 Nc7 58. Ree1 Rd5 59. Reb1 Nb5 60. Rf1
Nd6 61. Kc2 Ra5 62. Rfd1 Rb5 63. Rdb1 Ra8 64. Bg5 Ne8 65. Re1 Nc7 66. Bf4 Nd5
67. Bg5 Rba5 68. Bh4 Kg6 69. Kd2 Rb5 70. Kc2 Rb3 71. Re2 b5 72. Rc1 Ra4 73. Kd1
b4 74. axb4 Ra2 75. Rcc2 Nb6 76. Red2 Na4 77. d5 exd5 78. Rxd5 Rbxb2 79. Rd6+
Kf7 80. Rxb2 Rxb2 81. Bf6 Rxh2 82. Bd4 Ke7 83. Rd5 Nb2+ 84. Ke1 Nd3+ 85. Kf1
Rf2+ 86. Kg1 Rf3 87. Kh2 Nf2 88. Rb5 Ng4+ 89. Kh3 Nxe3 90. Rxb7+ Kd6 91. Rb6+
Kd7 92. Rg6 Nd5 93. Be5 Nxc3 94. Rd6+ Ke7 95. Rc6 Nd5 96. Rxc4 Ke6 97. Bb8 e3
98. Rc6+ Kf7 99. Rc2 Nxb4 100. Re2 Nc6 101. Bf4 Nd4 102. Rxe3 Rf2 103. Re5 Kf6
104. Be3 Kxe5 105. Bxf2 Nf3 106. Ba7 Ke4 107. Kg2 Ng5 108. Bb6 Ne6 109. Ba7 Nf8
110. Bc5 Ng6 111. Ba7 Ne5 112. Kh3 Nf3 113. Kg2 Ng5 114. Bb6 Kd3 115. Kf2 Kc4
116. Ba7 Kd5 117. Bb6 Nf7 118. Kf3 Ke5 119. Ba5 Ng5+ 120. Kg2 Ne6 121. Bc3+ Ke4
122. Ba5 Ke3 123. Bb6+ Ke2 124. Kh3 Kf3 125. Kh4 Nd4 1/2-1/2

[Event "21st Dubai Open 2019"]
[Site "Dubai UAE"]
[Date "2019.04.03"]
[Round "3.20"]
[White "Can, Emre"]
[Black "Nitin, S."]
[Result "1-0"]
[WhiteTitle "GM"]
[BlackTitle "IM"]
[WhiteElo "2586"]
[BlackElo "2408"]
[WhiteFideId "6302181"]
[BlackFideId "5018277"]
[EventDate "2019.04.01"]

1. d4 Nf6 2. c4 g6 3. Nc3 Bg7 4. e4 d6 5. Be2 O-O 6. Be3 Na6 7. Nf3 e5 8. O-O c6
9. Re1 Re8 10. dxe5 Ng4 11. exd6 Nxe3 12. fxe3 Bg4 13. Qd2 Nc5 14. Rad1 a5 15.
h3 Bd7 16. Qc2 Qb6 17. Bd3 a4 18. Kh1 Qb4 19. a3 Qa5 20. Rf1 Re6 21. e5 Bxe5 22.
Nxe5 Rxe5 23. Qf2 f5 24. Bc2 Qb6 25. e4 Qxb2 26. exf5 Bxf5 27. Qg3 Bxc2 28. Qxe5
Bxd1 29. Rxd1 Rd8 30. Qe7 Rd7 31. Rf1 1-0

[Event "21st Dubai Open 2019"]
[Site "Dubai UAE"]
[Date "2019.04.03"]
[Round "3.21"]
[White "Debashis, Das"]
[Black "Shailesh, Dravid"]
[Result "1-0"]
[WhiteTitle "GM"]
[BlackTitle "FM"]
[WhiteElo "2532"]
[BlackElo "2316"]
[WhiteFideId "5024854"]
[BlackFideId "25017969"]
[EventDate "2019.04.01"]

1. d4 Nf6 2. c4 g6 3. Nf3 Bg7 4. e3 O-O 5. Be2 d6 6. O-O Nbd7 7. Nc3 e5 8. Qc2
Re8 9. b4 a5 10. b5 exd4 11. Nxd4 Nc5 12. Bb2 Bg4 13. Rad1 Bxe2 14. Qxe2 Qe7 15.
Rfe1 a4 16. f3 a3 17. Bc1 Na4 18. Rd3 Nxc3 19. Rxc3 Nd5 20. cxd5 Bxd4 21. Rb3
Bc5 22. Qc4 Qe5 23. Kh1 Qa1 24. Rd3 Qg7 25. Rdd1 Re5 26. e4 Rh5 27. g4 Qf6 28.
Rf1 Rh3 29. Kg2 Rh4 30. Bd2 h5 31. Be1 hxg4 32. Bxh4 Qxh4 33. Qe2 Qh3+ 34. Kh1
g3 35. Qg2 Qxg2+ 36. Kxg2 gxh2 37. Kxh2 Ra4 38. Rb1 Rc4 39. Rfc1 Rd4 40. Rc2 f5
41. Re1 fxe4 42. Rxe4 Rxd5 43. Re7 Rh5+ 44. Kg3 Rh7 45. Rxh7 Kxh7 46. Kf4 Kg7
47. Kg5 Kf7 48. Rc4 Be3+ 49. f4 Bc5 50. Rc2 Kg7 51. Rc3 b6 52. Rd3 Kf7 53. Rh3
Bd4 54. Rxa3 Bf6+ 55. Kg4 Ke6 56. Re3+ Kf7 57. Re2 Bd4 58. Kf3 Bc5 59. Ke4 Ke6
60. Rg2 d5+ 61. Kf3 Kf6 62. Rg5 d4 63. Ke4 Bd6 64. Rd5 Bc5 65. a4 Bd6 66. a5
bxa5 67. b6 1-0

[Event "21st Dubai Open 2019"]
[Site "Dubai UAE"]
[Date "2019.04.03"]
[Round "3.22"]
[White "Charkhalashvili, Inga"]
[Black "Deepan, Chakkravarthy J."]
[Result "0-1"]
[WhiteTitle "WGM"]
[BlackTitle "GM"]
[WhiteElo "2338"]
[BlackElo "2534"]
[WhiteFideId "13601431"]
[BlackFideId "5011132"]
[EventDate "2019.04.01"]

1. d4 Nf6 2. c4 e6 3. Nf3 b6 4. g3 Ba6 5. b3 b5 6. Bg2 bxc4 7. Ne5 Bb4+ 8. Kf1
c6 9. bxc4 O-O 10. Bd2 Bxd2 11. Nxd2 d6 12. Nxc6 Nxc6 13. Bxc6 Rc8 14. Bf3 Bxc4
15. Qa4 Bd5 16. Kg2 e5 17. dxe5 dxe5 18. Rhd1 Qe7 19. Bxd5 Nxd5 20. Ne4 Nb6 21.
Qb3 Qb7 22. Qf3 Qa6 23. a4 Nc4 24. Nc3 f5 25. Qd5+ Kh8 26. Kg1 h6 27. Nb5 f4 28.
Rd3 Qb6 29. a5 Qf6 30. Qe4 a6 31. Nc3 Nd6 32. Qb4 fxg3 33. fxg3 Qf2+ 34. Kh1 Nb5
35. e3 Qc2 36. Nxb5 Qxd3 0-1

[Event "21st Dubai Open 2019"]
[Site "Dubai UAE"]
[Date "2019.04.03"]
[Round "3.23"]
[White "Jeet, Jain"]
[Black "Venkatesh, M.R."]
[Result "0-1"]
[WhiteTitle "FM"]
[BlackTitle "GM"]
[WhiteElo "2219"]
[BlackElo "2517"]
[WhiteFideId "5073022"]
[BlackFideId "5005779"]
[EventDate "2019.04.01"]

1. e4 e5 2. Nf3 Nc6 3. Bc4 Nf6 4. d3 Bc5 5. c3 d6 6. Bb3 h6 7. O-O O-O 8. h3 a5
9. Re1 Ba7 10. Nbd2 Ne7 11. Nf1 Ng6 12. Ng3 b5 13. a4 c6 14. d4 Qc7 15. Be3 Kh7
16. Nh2 Rb8 17. Rb1 b4 18. dxe5 dxe5 19. Bxa7 Qxa7 20. Nf5 Nxe4 21. Ne3 bxc3 22.
Nf3 Ba6 23. Qc2 Rfd8 24. Bc4 Bxc4 25. Nxc4 f5 26. Rxe4 fxe4 27. Qxe4 Rd4 28. Qc2
e4 29. Nxd4 Qxd4 30. b3 Qd3 31. Rc1 Nf4 32. Ne5 Qxc2 33. Rxc2 Rxb3 34. Nxc6 Rb2
35. Nd4 Ne6 36. Rxc3 Nxd4 37. Rc5 Ne2+ 38. Kh2 Nf4 39. Kg3 Nd3 40. Rxa5 Rxf2 41.
Rd5 Rf6 42. Kh2 Re6 43. a5 e3 44. a6 e2 45. a7 Ra6 0-1

[Event "21st Dubai Open 2019"]
[Site "Dubai UAE"]
[Date "2019.04.03"]
[Round "3.24"]
[White "Vishnu Prasanna, V"]
[Black "Mulenga, Prince Daniel"]
[Result "1-0"]
[WhiteTitle "GM"]
[WhiteElo "2524"]
[BlackElo "2234"]
[WhiteFideId "5030692"]
[BlackFideId "8701776"]
[EventDate "2019.04.01"]

1. e4 c5 2. Nf3 e6 3. d4 cxd4 4. Nxd4 a6 5. c4 Nf6 6. Nc3 d6 7. g3 Qc7 8. Be3
Nbd7 9. Rc1 h5 10. h3 b6 11. Bg2 Bb7 12. O-O Rc8 13. f4 Qb8 14. Qe2 Be7 15. Bf2
Qa8 16. Rfe1 Nc5 17. Nd5 exd5 18. exd5 O-O 19. Nf5 Rfe8 20. Nxe7+ Kf8 21. Bd4
Ncd7 22. Rc3 b5 23. b3 bxc4 24. bxc4 Rc7 25. Re3 Qd8 26. Nf5 Rxe3 27. Qxe3 Nc5
28. Bxf6 gxf6 29. Qf3 Bc8 30. Qxh5 1-0

[Event "21st Dubai Open 2019"]
[Site "Dubai UAE"]
[Date "2019.04.03"]
[Round "3.25"]
[White "Kunal, M."]
[Black "Nguyen, Anh Khoi"]
[Result "1/2-1/2"]
[BlackTitle "IM"]
[WhiteElo "2258"]
[BlackElo "2484"]
[WhiteFideId "5018250"]
[BlackFideId "12404675"]
[EventDate "2019.04.01"]

1. e4 c5 2. Nf3 d6 3. d4 cxd4 4. Nxd4 Nf6 5. Nc3 a6 6. Be2 e6 7. O-O Be7 8. f4
O-O 9. Be3 Qc7 10. Bf3 Nc6 11. Nxc6 bxc6 12. Na4 Bb7 13. c4 c5 14. Nc3 Nd7 15.
Qe1 Rad8 16. Qg3 Nb8 17. f5 Bf6 18. fxe6 fxe6 19. Qh3 Bc8 20. Bg4 Qe7 21. Ne2
Nc6 22. Nf4 Bxb2 23. Nxe6 Bxe6 24. Bxe6+ Kh8 25. Rab1 Bd4 26. Bd5 Bxe3+ 27. Qxe3
Ne5 28. h3 Qh4 29. Qa3 h6 30. Rxf8+ Rxf8 31. Rf1 Rxf1+ 32. Kxf1 Qf4+ 33. Kg1 Kh7
34. Qxa6 Qg3 35. Kh1 Qe1+ 36. Kh2 Qf2 37. Kh1 Qf8 38. Qa3 Qf1+ 39. Kh2 Qf2 40.
Qg3 Qxa2 41. Qf4 h5 42. Qf5+ Kh6 43. Qe6+ Ng6 44. Qxd6 Qf2 45. Qg3 Qd4 46. h4
Qf6 47. Qe3+ Kh7 48. Qg5 Qe5+ 49. Kh3 Qc3+ 50. g3 Qf3 51. e5 Qf1+ 52. Bg2 Qe2
53. Qf5 Qxe5 54. Be4 Qxf5+ 55. Bxf5 Kh6 56. Bxg6 Kxg6 57. g4 hxg4+ 58. Kxg4 Kh6
59. h5 g5 60. hxg6 Kxg6 61. Kf4 Kf6 62. Ke4 Ke6 63. Kf4 Kf6 64. Ke4 Ke6 65. Kf4 1/2-1/2

[Event "21st Dubai Open 2019"]
[Site "Dubai UAE"]
[Date "2019.04.03"]
[Round "3.26"]
[White "Vignesh, N R"]
[Black "Pranav, V"]
[Result "1/2-1/2"]
[WhiteTitle "IM"]
[WhiteElo "2476"]
[BlackElo "2258"]
[WhiteFideId "25012215"]
[BlackFideId "25060783"]
[EventDate "2019.04.01"]

1. e4 e5 2. Nf3 Nc6 3. Bc4 Nf6 4. d3 Be7 5. O-O O-O 6. Re1 d6 7. a4 Na5 8. Ba2
c5 9. Nc3 Nc6 10. Nd5 Be6 11. c3 Re8 12. Ng5 Bxd5 13. exd5 Nb8 14. Qf3 Nbd7 15.
Bc4 a6 16. a5 h6 17. Ne4 Nxe4 18. dxe4 Bg5 19. g3 Bxc1 20. Rexc1 Nf6 21. Kg2 g6
22. b4 cxb4 23. cxb4 Kg7 24. Bd3 Qe7 25. Qe3 Rec8 26. Qb6 Rab8 27. f3 Nd7 28.
Qe3 Qd8 29. h4 Rxc1 30. Rxc1 Rc8 31. Rc4 Rxc4 32. Bxc4 Qc7 33. Qb3 Nf6 34. Qc2
b5 35. Bd3 Qa7 36. Qf2 Qc7 37. Qc2 Qa7 38. Qf2 1/2-1/2

[Event "21st Dubai Open 2019"]
[Site "Dubai UAE"]
[Date "2019.04.03"]
[Round "3.27"]
[White "Sultan, Ibrahim"]
[Black "Adly, Ahmed"]
[Result "0-1"]
[WhiteTitle "IM"]
[BlackTitle "GM"]
[WhiteElo "2121"]
[BlackElo "2611"]
[WhiteFideId "9301143"]
[BlackFideId "10601619"]
[EventDate "2019.04.01"]

1. d4 Nf6 2. c4 e6 3. Nf3 Bb4+ 4. Nbd2 O-O 5. a3 Be7 6. e4 d6 7. Be2 b6 8. O-O
c5 9. d5 exd5 10. exd5 b5 11. b3 bxc4 12. bxc4 Nbd7 13. Bb2 Rb8 14. Qc2 Nh5 15.
Bc3 Nf4 16. Rfe1 Bf6 17. Bf1 Bxc3 18. Qxc3 Nf6 19. Ne4 Nxe4 20. Rxe4 Ng6 21.
Rae1 Bd7 22. Bd3 Qf6 23. Qa5 Nf4 24. R4e3 Rb2 25. Nd2 g6 26. Ne4 Qd4 27. Bf1 Bf5
28. Nxd6 Bd3 29. Rf3 Bxf1 30. Rxf1 Rb6 31. Nb5 Ne2+ 32. Kh1 Qxc4 33. Nxa7 Nd4
34. Ra1 Ra6 35. Qc7 Nxf3 36. d6 Rxa3 0-1

[Event "21st Dubai Open 2019"]
[Site "Dubai UAE"]
[Date "2019.04.03"]
[Round "3.28"]
[White "Ghaem Maghami, Ehsan"]
[Black "Wang, Shanshan"]
[Result "1-0"]
[WhiteTitle "GM"]
[WhiteElo "2536"]
[BlackElo "2116"]
[WhiteFideId "12500739"]
[BlackFideId "8605262"]
[EventDate "2019.04.01"]

1. d4 Nf6 2. c4 g6 3. g3 Bg7 4. Bg2 d5 5. cxd5 Nxd5 6. Nf3 O-O 7. O-O c6 8. e4
Nb6 9. h3 N8d7 10. Nc3 e5 11. d5 cxd5 12. exd5 Nc4 13. b3 Nd6 14. Ba3 Nb6 15.
Rc1 Bh6 16. Nxe5 Bxc1 17. Qxc1 Qf6 18. Re1 Bd7 19. g4 h6 20. h4 Rfc8 21. g5 hxg5
22. hxg5 Rxc3 23. Qxc3 Nb5 24. gxf6 Nxc3 25. Nxd7 Nxd7 26. Be7 Re8 27. d6 Nxf6
28. Re3 Nb5 29. Bxf6 Rxe3 30. fxe3 Nxd6 31. Be5 Nf5 32. Kf2 1-0